Top South America Facts - Statistics

General Stats
  • This quiz has been taken 34 times
  • The average score is 10 of 16
Answer Stats
Hint Answer % Correct
Number of Countries 12
94%
Smallest Country Suriname
94%
Number of Landlocked Countries 2
91%
Longest River Amazon
88%
Largest City Sao Paulo
84%
Longest Mountain Range Andes
81%
Highest Waterfall Angel
81%
Richest Country Chile
69%
Biggest Lake Lake Titicaca
66%
Largest Country Brazil
59%
Driest Place Atacama
50%
Largest Cape Horn
41%
Highest Mountain Aconcagua
38%
Southernmost City Ushuaia
31%
Biggest Island Tierra del Fuego
25%
Largest Port Santos Port
0%
No matching quizzes found
Score Distribution
Percent of People with Each Score
Percentile by Number Answered
Your Score History
You have not taken this quiz